[Event "CCM10 - Standard Simultan"]
[Site "Mainz"]
[Date "2010.08.06"]
[Round "28"]
[White "Anand, Viswanathan"]
[Black "Faqiry, Ramat"]
[Result "1-0"]
[WhiteElo "2800"]
[BlackElo "1977"]
[PlyCount "115"]
[EventDate "2010.08.15"]
[EventCountry "GER"]
[SourceDate "2010.08.15"]

1. d4 Nf6 2. c4 e6 3. Nf3 d5 4. Nc3 Be7 5. Bg5 O-O 6. e3 b6 7. Rb1 a5 8. Bd3
Bb7 9. Bxf6 Bxf6 10. cxd5 exd5 11. O-O Nd7 12. Qc2 g6 13. Rbd1 Bg7 14. e4 Nf6
15. e5 Nd7 16. Rfe1 Re8 17. h4 Nf8 18. Bf1 Bc8 19. Bb5 Bd7 20. Qa4 Bxb5 21.
Qxb5 Re7 22. Qxd5 Rd7 23. Qe4 Ne6 24. d5 Nc5 25. Qc4 Qe8 26. h5 Rad8 27. hxg6
hxg6 28. g3 Re7 29. Qf4 Qd7 30. Kg2 Rde8 31. Re3 Qc8 32. Rh1 Qf5 33. Qxf5 gxf5
34. Rhe1 Nd7 35. d6 cxd6 36. Nd5 Rxe5 37. Nxe5 Rxe5 38. Rxe5 Bxe5 39. Ne7+ Kf8
40. Nxf5 Bxb2 41. Nxd6 Be5 42. Nb5 Bf6 43. f4 Nc5 44. Kf3 Nd3 45. Rd1 Nb4 46.
a4 Be7 47. g4 Na6 48. g5 Nc5 49. Nc3 Kg7 50. Kg4 f6 51. Nd5 Bd8 52. gxf6+ Bxf6
53. Nxb6 Kf7 54. Rd5 Be7 55. Kf5 Nb3 56. Nd7 Bb4 57. Ne5+ Ke8 58. Nc6 1-0

[Event "CCM10 - Standard Simultan"]
[Site "Mainz"]
[Date "2010.08.06"]
[Round "29"]
[White "Anand, Viswanathan"]
[Black "Paap, Michael"]
[Result "1-0"]
[WhiteElo "2800"]
[BlackElo "1882"]
[PlyCount "75"]
[EventDate "2010.08.15"]
[EventCountry "GER"]
[SourceDate "2010.08.15"]

1. e4 e6 2. d4 d5 3. Nc3 Bb4 4. e5 Bxc3+ 5. bxc3 Ne7 6. Qg4 c5 7. Qxg7 Rg8 8.
Qxh7 Qa5 9. Bd2 Nbc6 10. Nf3 Bd7 11. h4 O-O-O 12. Qd3 c4 13. Qe2 Qa3 14. Qd1 b5
15. Qc1 Qa5 16. Ng5 Rg7 17. h5 Rf8 18. Qb2 Nf5 19. Nf3 Rh8 20. g3 Nh6 21. Be2
a6 22. Kf1 Qd8 23. a4 Na7 24. axb5 Bxb5 25. Nh4 f5 26. exf6 Qxf6 27. Bf4 Nc6
28. Ng6 Rhh7 29. Kg2 Nf5 30. Qa3 Nfe7 31. Nxe7+ Rxe7 32. Qd6 Rd7 33. Qc5 Ra7
34. Rxa6 Bxa6 35. Qxc6+ Kd8 36. h6 Bb7 37. Qb6+ Kc8 38. Qxa7 1-0

[Event "CCM10 - Standard Simultan"]
[Site "Mainz"]
[Date "2010.08.06"]
[Round "30"]
[White "Anand, Viswanathan"]
[Black "Toews, Manuel"]
[Result "1-0"]
[WhiteElo "2800"]
[BlackElo "1916"]
[PlyCount "107"]
[EventDate "2010.08.15"]
[EventCountry "GER"]
[SourceDate "2010.08.15"]

1. d4 Nf6 2. Nf3 e6 3. c4 b6 4. g3 Ba6 5. b3 Bb4+ 6. Bd2 Be7 7. Bg2 c6 8. O-O
O-O 9. Qc2 d5 10. Rd1 Nbd7 11. Bf4 Ne4 12. Nc3 f5 13. Ne5 Nxe5 14. Bxe5 Bf6 15.
Bxf6 Qxf6 16. e3 Rac8 17. Nxe4 fxe4 18. a4 Ra8 19. Bf1 Qe7 20. cxd5 Bxf1 21. d6
Qxd6 22. Rxf1 Qd5 23. Rac1 Rac8 24. Qb2 Rf6 25. Rc4 Rh6 26. Qc2 Qh5 27. h4 Qg4
28. Rxc6 Rf8 29. Rc8 Rxh4 30. Rxf8+ Kxf8 31. Qc8+ Kf7 32. Rc1 Rh3 33. Qc7+ Kg6
34. Qf4 Qxf4 35. gxf4 Rh5 36. Rc6 Kf6 37. b4 Rd5 38. Rc7 a5 39. b5 Rd6 40. Kg2
Rd8 41. Rc6 Rb8 42. d5 Rd8 43. Rxe6+ Kf7 44. Rxb6 Rxd5 45. Ra6 Rd2 46. Rxa5 Rb2
47. Ra6 Rb4 48. b6 Ke6 49. a5 Kd6 50. Ra7 Rb5 51. b7 Kc7 52. a6 Rb6 53. Ra8 h5
54. Rc8+ 1-0

[Event "CCM10 - Standard Simultan"]
[Site "Mainz"]
[Date "2010.08.06"]
[Round "31"]
[White "Anand, Viswanathan"]
[Black "Schumacher, Jakob"]
[Result "1-0"]
[WhiteElo "2800"]
[BlackElo "1796"]
[PlyCount "95"]
[EventDate "2010.08.15"]
[EventCountry "GER"]
[SourceDate "2010.08.15"]

1. e4 e5 2. Nf3 d6 3. Bc4 Be7 4. d4 exd4 5. Nxd4 Nf6 6. Nc3 O-O 7. Bb3 Na6 8.
O-O Nc5 9. Re1 Nxb3 10. axb3 Re8 11. Bg5 Ng4 12. Bxe7 Qxe7 13. Nd5 Qh4 14. h3
Qxf2+ 15. Kh1 Qh4 16. Qd2 Nf2+ 17. Kg1 Nxe4 18. Nxc7 Bd7 19. Qe3 Nf6 20. Nxe8
Rxe8 21. Nf3 Qg3 22. Qg5 Qxg5 23. Rxe8+ Bxe8 24. Nxg5 a6 25. Nf3 Bc6 26. Nd4
Be4 27. Kf2 Kf8 28. g3 Ke7 29. c4 Kd7 30. b4 Bd3 31. b3 d5 32. c5 Bg6 33. c6+
Kc7 34. cxb7 Ne4+ 35. Ke3 Kxb7 36. b5 axb5 37. Nxb5 Nxg3 38. Kd4 Ne2+ 39. Kc5
Nf4 40. Nd6+ Kb8 41. Kb6 d4 42. Ra4 Nd5+ 43. Kc5 Nf4 44. Rb4+ Ka8 45. Kxd4 Nxh3
46. Kc5 Ng5 47. Kb6 Nf3 48. Rc4 1-0

[Event "CCM10 - Standard Simultan"]
[Site "Mainz"]
[Date "2010.08.06"]
[Round "32"]
[White "Anand, Viswanathan"]
[Black "Wagner, Andreas"]
[Result "1-0"]
[WhiteElo "2800"]
[BlackElo "1917"]
[PlyCount "105"]
[EventDate "2010.08.15"]
[EventCountry "GER"]
[SourceDate "2010.08.15"]

1. d4 Nf6 2. Nf3 g6 3. Nbd2 Bg7 4. e4 d6 5. c3 O-O 6. Bd3 Bg4 7. h3 Be6 8. O-O
c5 9. d5 Bd7 10. a4 Na6 11. Re1 Nc7 12. Nc4 b5 13. axb5 Nxb5 14. Bg5 a5 15. Qd2
Re8 16. Bc2 Qc7 17. Bh6 Bh8 18. e5 dxe5 19. Nfxe5 Nd6 20. Bf4 Bb5 21. Na3 Bd7
22. Nxd7 Qxd7 23. Qd1 Reb8 24. Ba4 Qf5 25. Bxd6 exd6 26. Nc4 Rd8 27. Bc6 Rab8
28. Rxa5 Ne4 29. Qc2 Nxc3 30. Qxf5 gxf5 31. bxc3 Bxc3 32. Rc1 Bxa5 33. Nxa5 Rb2
34. Nc4 Rb4 35. Kh2 Kg7 36. Kg3 Kf6 37. Rc3 Rg8+ 38. Kf3 Rd8 39. g3 Kg5 40. h4+
Kf6 41. Ke3 Kg6 42. Kf3 Kf6 43. Ne3 Ke5 44. Ng2 Kf6 45. Ra3 Rdb8 46. Ra7 c4 47.
Ne3 c3 48. Ba4 Rc8 49. Bc2 Rb2 50. Rd7 Ke5 51. Rxf7 Kd4 52. Rxh7 Rxc2 53. Nxc2+
1-0

[Event "CCM10 - Standard Simultan"]
[Site "Mainz"]
[Date "2010.08.06"]
[Round "33"]
[White "Anand, Viswanathan"]
[Black "Johansen, Lars"]
[Result "1/2-1/2"]
[WhiteElo "2800"]
[BlackElo "1936"]
[PlyCount "78"]
[EventDate "2010.08.15"]
[EventCountry "GER"]
[SourceDate "2010.08.15"]

1. c4 e5 2. Nc3 Nf6 3. Nf3 Nc6 4. g3 d5 5. cxd5 Nxd5 6. Bg2 Be6 7. O-O Be7 8.
d4 exd4 9. Nxd4 Nxc3 10. bxc3 Nxd4 11. cxd4 c6 12. e4 O-O 13. Be3 Qa5 14. d5
Bd7 15. d6 Bf6 16. Bd4 Bxd4 17. Qxd4 Rfe8 18. f4 c5 19. Qe3 Rac8 20. e5 Qa6 21.
Rfe1 b5 22. Bd5 g6 23. h4 c4 24. h5 Qb6 25. hxg6 hxg6 26. Kf2 Rc5 27. Bf3 f6
28. Rad1 fxe5 29. Bd5+ Kg7 30. fxe5 Rf8+ 31. Kg1 c3 32. e6 c2 33. e7 $4 Rf6 34.
Rc1 Rxd5 35. Qxb6 axb6 36. Rxc2 Rfxd6 $4 37. e8=N+ Bxe8 38. Rxe8 Rd1+ 39. Kh2
Kh6 1/2-1/2

[Event "CCM10 - Standard Simultan"]
[Site "Mainz"]
[Date "2010.08.06"]
[Round "34"]
[White "Anand, Viswanathan"]
[Black "Paust, Wolf-Dieter"]
[Result "1-0"]
[WhiteElo "2800"]
[BlackElo "2049"]
[PlyCount "39"]
[EventDate "2010.08.15"]
[EventCountry "GER"]
[SourceDate "2010.08.15"]

1. e4 d5 2. exd5 c6 3. dxc6 e5 4. cxb7 Bxb7 5. Nc3 Nd7 6. d3 Bc5 7. Nf3 Qb6 8.
Qd2 Bc6 9. Ne4 Bxe4 10. dxe4 O-O-O 11. c3 Ndf6 12. Qe2 Nxe4 13. Qxe4 Bxf2+ 14.
Ke2 Nf6 15. Qc4+ Kb7 16. Qb4 Ng4 17. h3 f5 18. hxg4 fxg4 19. Qxb6+ Bxb6 20. Ng5
1-0

[Event "CCM10 - Standard Simultan"]
[Site "Mainz"]
[Date "2010.08.06"]
[Round "35"]
[White "Anand, Viswanathan"]
[Black "Bittner, Patrick"]
[Result "1/2-1/2"]
[WhiteElo "2800"]
[BlackElo "1966"]
[PlyCount "52"]
[EventDate "2010.08.15"]
[EventCountry "GER"]
[SourceDate "2010.08.15"]

1. d4 Nf6 2. c4 e6 3. Nf3 b6 4. g3 Bb7 5. Bg2 Bb4+ 6. Bd2 Bxd2+ 7. Qxd2 O-O 8.
Nc3 Ne4 9. Qd3 f5 10. O-O Nxc3 11. Qxc3 d6 12. d5 e5 13. Nh4 Nd7 14. f4 e4 15.
Bh3 g6 16. Ng2 Qf6 17. Rac1 Qxc3 18. Rxc3 h5 19. Ne3 a5 20. Kf2 Nc5 21. Nc2 Na4
22. Ra3 Nc5 23. Nd4 Rfe8 24. Rc1 Kf7 25. Bf1 Re7 26. e3 Ree8 1/2-1/2

[Event "CCM10 - Standard Simultan"]
[Site "Mainz"]
[Date "2010.08.06"]
[Round "36"]
[White "Anand, Viswanathan"]
[Black "Gass, Ulrich"]
[Result "1-0"]
[WhiteElo "2800"]
[BlackElo "2157"]
[PlyCount "71"]
[EventDate "2010.08.15"]
[EventCountry "GER"]
[SourceDate "2010.08.15"]

1. e4 d6 2. d4 Nf6 3. f3 g6 4. Be3 c6 5. Qd2 Nbd7 6. Nc3 b5 7. g4 Bb7 8. h4 h5
9. g5 Nh7 10. f4 Bg7 11. Bg2 Nb6 12. b3 b4 13. Nce2 a5 14. Nh3 c5 15. Rd1 c4
16. O-O e6 17. f5 exf5 18. exf5 Bxg2 19. Kxg2 gxf5 20. Ng3 d5 21. Nxf5 O-O 22.
Nf4 Nxg5 23. Nxh5 Ne4 24. Qe2 Bh8 25. Nhg3 Nxg3 26. Qg4+ Kh7 27. Nxg3 f5 28.
Qh5+ Kg8 29. Nxf5 Qe8 30. Qg5+ Kh7 31. Qh6+ Kg8 32. Rf4 Rf6 33. Rg4+ Kf7 34.
Qh7+ Ke6 35. Re1 Rf7 36. Qg6+ 1-0

[Event "CCM10 - Standard Simultan"]
[Site "Mainz"]
[Date "2010.08.06"]
[Round "37"]
[White "Anand, Viswanathan"]
[Black "Schroeder, Jan Christian"]
[Result "1/2-1/2"]
[WhiteElo "2800"]
[BlackElo "2052"]
[PlyCount "107"]
[EventDate "2010.08.15"]
[EventCountry "GER"]
[SourceDate "2010.08.15"]

1. e4 e5 2. Nf3 Nc6 3. Bb5 a6 4. Ba4 Nf6 5. O-O Be7 6. Re1 b5 7. Bb3 d6 8. c3
O-O 9. h3 Na5 10. Bc2 c5 11. d4 Qc7 12. Nbd2 cxd4 13. cxd4 Nc6 14. Nb3 a5 15.
Be3 a4 16. Nbd2 Nb4 17. Bb1 Bd7 18. a3 Nc6 19. Bd3 Rab8 20. Qe2 exd4 21. Nxd4
Nxd4 22. Bxd4 Bc6 23. Rac1 Qb7 24. Nf3 Nd7 25. Bb1 Bf6 26. Bxf6 Nxf6 27. Nd4
Bd7 28. Nc2 Rfe8 29. Nb4 Be6 30. Qd2 Rbd8 31. Qd4 Bc4 32. Rc3 Re5 33. f4 Re6
34. Rce3 Qc8 35. Kh2 Qc5 36. Qd2 Rde8 37. e5 dxe5 38. Rxe5 Rxe5 39. fxe5 Nd5
40. Nxd5 Qxd5 41. Qxd5 Bxd5 42. Bd3 Rc8 43. Bxb5 Rb8 44. Rc1 Kf8 45. Bxa4 Ke7
46. Rc2 Ke6 47. Bc6 Bxc6 48. Rxc6+ Kxe5 49. b4 Ra8 50. Rc5+ Kd6 51. Ra5 Rc8 52.
b5 Kc5 53. a4 Kb6 54. Ra6+ 1/2-1/2

[Event "CCM10 - Standard Simultan"]
[Site "Mainz"]
[Date "2010.08.06"]
[Round "38"]
[White "Anand, Viswanathan"]
[Black "Haubold, Martin"]
[Result "1-0"]
[WhiteElo "2800"]
[BlackElo "2061"]
[PlyCount "48"]
[EventDate "2010.08.15"]
[EventCountry "GER"]
[SourceDate "2010.08.15"]

1. c4 Nf6 2. Nf3 e6 3. Nc3 Bb4 4. g3 O-O 5. Bg2 c5 6. O-O Nc6 7. Na4 d6 8. a3
Ba5 9. d4 cxd4 10. Nxd4 Ne5 11. b4 Bc7 12. Qb3 d5 13. cxd5 exd5 14. Bg5 Nc6 15.
Rad1 Nxd4 16. Rxd4 Be6 17. Nc5 b6 18. Nd3 h6 19. Bxf6 Qxf6 20. e3 Rad8 21. Rc1
Bb8 22. Rd1 Rd7 23. Bxd5 Rfd8 24. Ne1 Be5 {Katastrophale Notation nicht weiter
rekonstruierbar!} 1-0

[Event "CCM10 - Standard Simultan"]
[Site "Mainz"]
[Date "2010.08.06"]
[Round "39"]
[White "Anand, Viswanathan"]
[Black "Chladek, Vlastimil"]
[Result "1-0"]
[WhiteElo "2800"]
[BlackElo "2083"]
[PlyCount "57"]
[EventDate "2010.08.15"]
[EventCountry "GER"]
[SourceDate "2010.08.15"]

1. e4 c5 2. Nf3 d6 3. d4 cxd4 4. Nxd4 Nf6 5. Nc3 g6 6. Be3 Bg7 7. f3 O-O 8. Qd2
Nc6 9. O-O-O Bd7 10. g4 Qa5 11. Nb3 Qd8 12. h4 Be6 13. h5 Rc8 14. Kb1 Ne5 15.
Nd4 Bc4 16. hxg6 fxg6 17. Bh6 Rf7 18. Bxg7 Kxg7 19. g5 Nfd7 20. f4 Bxf1 21.
fxe5 Bc4 22. exd6 exd6 23. b3 Ne5 24. bxc4 Nxc4 25. Qd3 Qa5 26. Nd5 Na3+ 27.
Ka1 Rc4 28. c3 Qa4 29. Rd2 1-0

[Event "CCM10 - Standard Simultan"]
[Site "Mainz"]
[Date "2010.08.06"]
[Round "40"]
[White "Anand, Viswanathan"]
[Black "Grill, Bernd"]
[Result "0-1"]
[WhiteElo "2800"]
[BlackElo "2229"]
[PlyCount "56"]
[EventDate "2010.08.15"]
[EventCountry "GER"]
[SourceDate "2010.08.15"]

1. d4 Nf6 2. Nf3 e6 3. c4 c5 4. d5 b5 5. dxe6 fxe6 6. cxb5 d5 7. g3 Bd6 8. Bg2
a6 9. bxa6 O-O 10. O-O Bxa6 11. Nc3 Ra7 12. b3 d4 13. Na4 Nbd7 14. Qc2 Qe7 15.
Bg5 e5 16. Nh4 Qe6 17. Nf5 d3 18. Nxg7 Kxg7 19. exd3 Qf5 20. Bxf6+ Rxf6 21. Nb2
Bb7 22. Bxb7 Rxb7 23. Nc4 Qf3 24. Rfe1 Qd5 25. Re4 Nf8 26. Qc3 Ng6 27. a4 Rf3
28. Rd1 Qxe4 0-1